000 00888nam a22003017a 4500
001 0037344
003 KOHA_MİRAKIL
005 20260207003030.0
007 ta
008 120515b2011 tu |||gr||||#||||0|tur |
020 _a9756634301
040 _aTR-BiSEU
_btur
_cTR-BiSEU
_erda
041 0 _atur
044 _ctu
050 _aBJ1668.T9
_bB37 2011
100 1 _aBaşgil, Ali Fuat.
245 1 _aGençlerle başbaşa/
_cAli Fuat Başgil ; Ali Fuad Başgil.
264 1 _aİstanbul :
_bKubbealtı Neşriyat
_c2011
300 _a63 sayfa; 20 cm.
336 _ametin
_btxt
_2rdacontent
337 _aaracısız
_bn
_2rdamedia
338 _acilt
_bnc
_2rdacarrier
490 1 _aKubbealtı Neşriyatı ;
_v58.
650 0 _aGençler--Yaşam biçimi.
_945166
650 0 _aYouth--Conduct of life.
_941872
830 1 _aKubbealtı Neşriyatı ;
_v58.
_936689
942 _2lcc
_cBK
999 _c37202
_d37202